| 000 | 00712 a2200205 4500 | ||
|---|---|---|---|
| 010 | _aENG-89354 | ||
| 020 |
_c50.00 (App.) _a8184241569 |
||
| 035 | _aEN-72887 | ||
| 037 | _bDBAD / PUB | ||
| 082 | 1 | 4 | _a526.0285 |
| 090 |
_c10813 _d10813 |
||
| 100 | 1 | _aParihar, Seema M. | |
| 245 | 1 |
_ae-learning courseware on 'mapping with freehand'/ _cby Seema M. Parihar and P.K. Parihar |
|
| 260 |
_aNew Delhi _bAllied Publishers _cn.d. |
||
| 270 |
_aA-104, Mayapuri, Phase II, _bNew Delhi _e110064 _cDelhi |
||
| 300 |
_a68 p. _c24 cm (pbk) _bill. |
||
| 700 | _aParihar, P.K. | ||
| 942 |
_adpl _cEN _k526.0285/ PAR |
||
| 999 |
_c10513 _d10513 |
||